| 000 | 00560nam a2200169 i 4500 | ||
|---|---|---|---|
| 001 | 71726 | ||
| 003 | ES-MaACL | ||
| 005 | 20230906171218.0 | ||
| 007 | t| | ||
| 008 | 040817s1983 sp ||||1| spa d | ||
| 245 | 0 | 0 |
_aGestión de la investigación en las universidades / _cAlberto Bercovitz...[et al.] ; prólogo, Angel Vian Ortuño. |
| 260 |
_a[Madrid] : _bFundación Universidad Empresa, _c[1983] |
||
| 300 |
_a171 p. ; _c22 cm. |
||
| 700 | 1 |
_aBercovitz, Alberto. _927856 |
|
| 700 | 1 |
_aVian Ortuño, Ángel. _9114278 |
|
| 852 |
_aES-MaACL _jL-4965 _bR.105637 |
||
| 999 |
_c71726 _d71726 |
||